| 000 | 00433nam a2200157Ia 4500 | ||
|---|---|---|---|
| 008 | 210716s2005 xx 000 0 und d | ||
| 020 | _a8129700875 | ||
| 041 | _aeng | ||
| 082 | _a658.314 BECR | ||
| 100 | _aBeck, Robert C. | ||
| 245 |
_aMotivation: theories and principles. _bTheories and principles. |
||
| 250 | _a4 | ||
| 260 |
_aNew Delhi _bPearson Education _c2005 |
||
| 300 | _axvi,475 | ||
| 650 | _aHuman Resource Development | ||
| 999 |
_c199150 _d199150 |
||